000
00227 a2200097 4500
001
55572
100
_a
245
_a
Battle for God [urdu version]
260
_a
Lahore
_b
mOdern Book Depot
_c
2005
090
_c
34504
_d
34504
942
_a
NUST-CAE
_c
MONOGRAPH
_c
27230
999
_c
290645
_d
290645